Teoretické aspekty efektov priamych zahraničných investícií v hostiteľskej krajine

Salvato in:
Dettagli Bibliografici
Autore principale: Dugasová, Barbora, 1986-
Natura: Capitolo di libro
Lingua:slovacco
Tags: Aggiungi Tag
Nessun Tag, puoi essere il primo ad aggiungerne!!

MARC

LEADER 00000naa$a2200000$$$4500
001 0223545
005 20240522071215.6
041 0 |a slo 
044 |a SK 
245 1 0 |a Teoretické aspekty efektov priamych zahraničných investícií v hostiteľskej krajine  |c Barbora Dugasová 
100 1 |a Dugasová, Barbora, 1986-